|
|
|
|
| LEADER |
01810cas a2200253 a 4500 |
| 001 |
AALejournalIMF000448 |
| 008 |
230101c9999 xx r poo 0 0eng d |
| 020 |
|
|
|c 5.00 USD
|
| 020 |
|
|
|z 9781451940954
|
| 022 |
|
|
|a 1018-5941
|
| 040 |
|
|
|a BD-DhAAL
|c BD-DhAAL
|
| 100 |
1 |
|
|a Aziz, Jahangir.
|
| 245 |
1 |
0 |
|a Policy Complementarities and the Washington Consensus /
|c Jahangir Aziz, Robert Westcott.
|
| 264 |
|
1 |
|a Washington, D.C. :
|b International Monetary Fund,
|c 1997.
|
| 300 |
|
|
|a 1 online resource (20 pages)
|
| 490 |
1 |
|
|a IMF Working Papers
|
| 500 |
|
|
|a <strong>Off-Campus Access:</strong> No User ID or Password Required
|
| 500 |
|
|
|a <strong>On-Campus Access:</strong> No User ID or Password Required
|
| 506 |
|
|
|a Electronic access restricted to authorized BRAC University faculty, staff and students
|
| 520 |
3 |
|
|a While economists continue to debate whether particular economic policies, such as those referred to in Willliamson's (1993) 'Washington Consensus,' can spur growth in developing countries, this paper demonstrates that it is combinations of policies that are more critical for growth. Policy complementarity refers to the mutually reinforcing benefits of policies that create an environment that is conducive to investment and growth. Quantitative measures of policy complementarity are developed, and the study shows empirically, through both an outcomes-based probability framework and a standard regression analysis, that these complementarities are significant and robust in explaining growth outcomes over the period 1985-95.
|
| 538 |
|
|
|a Mode of access: Internet
|
| 700 |
1 |
|
|a Westcott, Robert.
|
| 830 |
|
0 |
|a IMF Working Papers; Working Paper ;
|v No. 1997/118
|
| 856 |
4 |
0 |
|z Full text available on IMF
|u http://elibrary.imf.org/view/journals/001/1997/118/001.1997.issue-118-en.xml
|z IMF e-Library
|